|
|
|
|
| LEADER |
00000nam a2200000Ii 4500 |
| 001 |
DIGUAZUAY0143 |
| 003 |
NyNyDIG |
| 006 |
m o d |
| 007 |
cr ||||||||||| |
| 008 |
251104s2022 ec a o 000 0 spa d |
| 035 |
|
|
|a (OCoLC)1438849361
|
| 040 |
|
|
|a DGITA
|b eng
|e rda
|e pn
|c DGITA
|
| 020 |
|
|
|a 9789942847447
|q eBook
|
| 020 |
|
|
|z 9789942847430
|
| 050 |
1 |
4 |
|a TS161 ebook
|
| 100 |
1 |
|
|a Andrade Dueñas, Iván G.,
|e author.
|
| 245 |
1 |
0 |
|a Reflexiones sobre la evolución de los sistemas de producción hacia DDMRP /
|c Iván G. Andrade Dueñas.
|
| 264 |
|
1 |
|a Cuenca, Ecuador :
|b Universidad del Azuay, Casa Editora,
|c [2022]
|
| 300 |
|
|
|a 1 online resource :
|b illustrations.
|
| 336 |
|
|
|a text
|b txt
|2 rdacontent
|
| 337 |
|
|
|a computer
|b c
|2 rdamedia
|
| 338 |
|
|
|a online resource
|b cr
|2 rdacarrier
|
| 347 |
|
|
|a text file
|2 rdaft
|
| 347 |
|
|
|b PDF
|
| 490 |
1 |
|
|a Homo
|
| 588 |
0 |
|
|a Online resource; title from PDF title page (Digitalia, viewed November 4, 2025)
|
| 650 |
|
0 |
|a Material requirements planning.
|
| 650 |
|
0 |
|a Manufacturing resource planning.
|
| 650 |
|
0 |
|a Production control
|x Data processing.
|
| 650 |
|
0 |
|a Business logistics.
|
| 650 |
|
0 |
|a Production planning.
|
| 650 |
|
0 |
|a Production control.
|
| 791 |
2 |
|
|a Digitalia (Firm),
|e distributor.
|
| 793 |
0 |
|
|g Digitalia eBook Collection:
|a Universidad del Azuay
|
| 776 |
0 |
8 |
|i Print version:
|a Andrade Dueñas, Iván G.
|t Reflexiones sobre la evolución de los sistemas de producción hacia DDMRP.
|d Cuenca, Ecuador : Universidad del Azuay, Casa Editora, [2022]
|z 9789942847430
|
| 830 |
|
0 |
|a Homo (Universidad del Azuay, Casa Editora)
|
| 856 |
4 |
0 |
|3 Digitalia Hispánica
|u https://www.digitaliapublishing.com/a/133528/
|
| 910 |
|
|
|a Premium collection: 2025
|